[Event "ch-TUR 2013"]
[Site "Antalya TUR"]
[Date "2013.02.02"]
[Round "1.68"]
[White "Demirkilic,Koksal"]
[Black "Yavic,A"]
[Result "1-0"]
[WhiteElo "1557"]
[BlackElo "1923"]

1.d4 Nf6 2.c4 e6 3.Nc3 d5 4.Nf3 Be7 5.Bf4 O-O 6.e3 b6 7.cxd5 Nxd5 8.Nxd5 exd5
9.a3 Bb7 10.Bd3 c5 11.b3 Nd7 12.O-O Rc8 13.Nd2 Bf6 14.Nf3 c4 15.Bc2 b5 16.a4 b4
17.Bd6 Be7 18.Bxe7 Qxe7 19.a5 Rc6 20.Qd2 Rfc8 21.Ra4 c3 22.Qd3 Rh6 23.Qb5 Ba6
24.Qxb4 Bxf1 25.Qxe7 Bb5 26.Rb4 Re6 27.Qh4 Rh6 28.Qg4 Bc6 29.Ne5 Rd6 30.Nxc6 Rcxc6
31.Qxd7 g6 32.Qe8+ Kg7 33.Rb8 Re6 34.Qh8+ Kh6 35.g4 f5 36.gxf5 gxf5 37.Qf8+ Kh5
38.Qxf5+ Kh4 39.Qf4+ Kh5 40.Bd1+  1-0

[Event "Bundesliga 2012-13"]
[Site "Berlin GER"]
[Date "2013.02.02"]
[Round "7"]
[White "Cyborowski,L"]
[Black "Zwanzger,J"]
[Result "1-0"]
[WhiteElo "2530"]
[BlackElo "2326"]

1.Nf3 d5 2.c4 e6 3.d4 Be7 4.Nc3 Nf6 5.Bf4 O-O 6.e3 c5 7.dxc5 Bxc5 8.a3 Nc6
9.Qc2 Qe7 10.Rd1 Rd8 11.Bg5 d4 12.Ne4 dxe3 13.Rxd8+ Nxd8 14.fxe3 e5 15.b4 Bb6
16.c5 Bc7 17.Bd3 Ne6 18.Nxf6+ gxf6 19.Bxh7+ Kg7 20.Bh4 Ng5 21.Bxg5 fxg5 22.O-O g4
23.Nd2 Be6 24.Bf5 Qg5 25.Bxe6 Qxe3+ 26.Kh1 fxe6 27.Qc4 Qxd2 28.Qxg4+ Kh6
29.Qxe6+  1-0

[Event "Moscow Open A 2013"]
[Site "Moscow RUS"]
[Date "2013.02.02"]
[Round "1.6"]
[White "Iturrizaga,E"]
[Black "Grib,R"]
[Result "1/2-1/2"]
[WhiteElo "2646"]
[BlackElo "2378"]

1.Nf3 Nf6 2.c4 e6 3.Nc3 d5 4.d4 Be7 5.Bf4 O-O 6.e3 b6 7.Bd3 dxc4 8.Bxc4 Bb7
9.O-O a6 10.a4 Bd6 11.Bg5 h6 12.Bh4 Nbd7 13.e4 g5 14.Nxg5 hxg5 15.Bxg5 b5
16.Bd3 c5 17.e5 Nxe5 18.dxe5 Bxe5 19.axb5 Bxc3 20.bxc3 Qd5 21.Qf3 Qxf3 22.gxf3 Nh7
23.Be7 Rfe8 24.bxa6 Bxa6 25.Be4 Rxe7 26.Bxa8 Bxf1 27.Kxf1 Nf8 28.Ke2 Kg7
29.Kd3 Rd7+ 30.Kc4 Rd2 31.Kxc5 Nd7+ 32.Kb4 Rb2+ 33.Ka3 Rxf2 34.Ra2 Rf1 35.c4 Ne5
36.Kb3 Rb1+ 37.Kc3 Rc1+ 38.Kd4 Nxc4 39.Be4 Nd6 40.Ke5 Nc4+ 41.Kf4 Nd6  1/2-1/2

[Event "Moscow Open B 2013"]
[Site "Moscow RUS"]
[Date "2013.02.04"]
[Round "3.4"]
[White "Kazimova,N"]
[Black "Burtasova,A"]
[Result "1-0"]
[WhiteElo "2176"]
[BlackElo "2278"]

1.Nf3 Nf6 2.c4 e6 3.Nc3 d5 4.d4 Be7 5.Bf4 O-O 6.e3 Nbd7 7.c5 Ne4 8.Qc2 f5
9.Ne5 c6 10.Be2 Bf6 11.Nxd7 Bxd7 12.O-O g5 13.Be5 Bxe5 14.dxe5 Qc7 15.Nxe4 fxe4
16.Qc3 Be8 17.b4 Rf5 18.g4 Rf7 19.a4 h5 20.h3 Rh7 21.Kg2 Bg6 22.b5 Rf8 23.bxc6 bxc6
24.a5 hxg4 25.hxg4 Rh4 26.Rh1 Qf7 27.Raf1 Qh7 28.Rxh4 gxh4 29.Kh3 Qh6 30.Qd4 Qg5
31.f4 exf3 32.Rxf3 Rb8 33.Bd3 Bxd3 34.Qxd3 Rb4 35.Rf4 Rxf4 36.exf4 Qxf4 37.Kxh4 Qh2+
38.Kg5 Qxe5+ 39.Kh4 Kg7 40.Kh3 d4 41.Qb3 Kg6 42.Qb7 Qxc5 43.Qd7 Qd5 44.Qe8+ Kg5
45.Qe7+ Kf4 46.Qf7+ Ke3 47.Qxa7 c5 48.Qc7 Qh1+ 49.Kg3 Qe1+ 50.Kh3 Qh1+ 51.Kg3 Qf3+
52.Kh4 d3 53.Qxc5+ Ke2 54.Qe5+ Kf1 55.Qd4 e5 56.Qa1+ Kf2 57.a6 Qg3+ 58.Kh5 Qh3+
59.Kg5 Qe3+ 60.Kh5 Qh3+ 61.Kg5 Kf3 62.Qd1+ Ke4 63.Qa4+ Kd5 64.a7 Qe3+ 65.Kh5 Qxa7
66.Qxa7 e4 67.Qe3  1-0

[Event "Moscow Open G 2013"]
[Site "Moscow RUS"]
[Date "2013.02.08"]
[Round "7.1"]
[White "Girya,O"]
[Black "Saulina,Varvara"]
[Result "1-0"]
[WhiteElo "2441"]
[BlackElo "2272"]

1.d4 d5 2.c4 e6 3.Nc3 Be7 4.Nf3 Nf6 5.Bf4 O-O 6.e3 c5 7.dxc5 Bxc5 8.Qc2 Qa5
9.a3 a6 10.Rd1 Be7 11.Nd2 Nc6 12.cxd5 exd5 13.Nb3 Qb6 14.Nd4 Bg4 15.Be2 Nxd4
16.Rxd4 Bxe2 17.Qxe2 Bc5 18.Nxd5 Qc6 19.Nxf6+ gxf6 20.Qg4+ Kh8 21.Rd1 Rg8
22.Qf3 Qb5 23.b4 Bf8 24.Qd5 Qxd5 25.Rxd5 a5 26.bxa5 Bxa3 27.Ke2 Bb4 28.Rb1 Bxa5
29.Rxb7 Rxg2 30.Bg3 Rg1 31.Rxf7 Bc3 32.Rdd7 Be5 33.Rxh7+ Kg8 34.Rhg7+ Kh8
35.Bxe5  1-0

[Event "Novy Bor Open A 2013"]
[Site "Novy Bor CZE"]
[Date "2013.02.10"]
[Round "2"]
[White "Richterova,Julie"]
[Black "Koudelka,Milos"]
[Result "0-1"]
[WhiteElo "1443"]
[BlackElo "1762"]

1.d4 d5 2.c4 e6 3.Nc3 Nf6 4.Nf3 Be7 5.Bf4 c6 6.e3 Nbd7 7.Bd3 b6 8.cxd5 Nxd5
9.Nxd5 exd5 10.O-O Nf6 11.Rc1 Bb7 12.Qe2 O-O 13.Rc2 c5 14.Rfc1 c4 15.Bf5 g6
16.Bh3 Re8 17.b3 b5 18.Nd2 Nh5 19.Qf3 Nxf4 20.Qxf4 Bg5 21.Qg3 Bh6 22.Rb1 Bc6
23.a4 a6 24.Re1 Bg7 25.Qf4 Qf6 26.Qxf6 Bxf6 27.g3 Bxd4 28.Rcc1 Bb2 29.Rc2 c3
30.Nf3 bxa4 31.b4 a3 32.Nd4 Ba4 33.Rxb2 cxb2  0-1

[Event "77th ch-BUL SF 2013"]
[Site "Plovdiv BUL"]
[Date "2013.02.12"]
[Round "2.4"]
[White "Janev,T"]
[Black "Andreev,Sa"]
[Result "1-0"]
[WhiteElo "2418"]
[BlackElo "2210"]

1.d4 Nf6 2.c4 e6 3.Nc3 d5 4.Nf3 Be7 5.Bf4 O-O 6.Rc1 c6 7.e3 Nbd7 8.h3 Re8
9.Bd3 dxc4 10.Bxc4 Nd5 11.Bh2 N7b6 12.Bd3 Nxc3 13.bxc3 Qd5 14.Qc2 h6 15.O-O Qa5
16.Ne5 Bd7 17.Bh7+ Kf8 18.Nxf7  1-0

[Event "Novy Bor Open A 2013"]
[Site "Novy Bor CZE"]
[Date "2013.02.13"]
[Round "6"]
[White "Bartos,J"]
[Black "Nelyubin,S"]
[Result "1/2-1/2"]
[WhiteElo "2154"]
[BlackElo "1991"]

1.d4 Nf6 2.c4 e6 3.Nc3 d5 4.Nf3 Be7 5.Bf4 O-O 6.e3 a6 7.Qc2 Nbd7 8.h3 dxc4
9.Bxc4 b5 10.Bd3 Bb7 11.Rd1 c5 12.dxc5 Bxc5 13.O-O Re8 14.Qb1 Bxf3 15.gxf3 h6
16.Ne4 Nd5 17.Bg3 Qb6 18.Nxc5 Nxc5 19.Be2 Red8 20.e4 Nf6 21.Rxd8+ Rxd8 22.Rd1 Na4
23.Qc1 Rxd1+ 24.Bxd1 Qc5 25.Qxc5 Nxc5 26.Bd6 Nd3 27.b3 Nh5 28.h4 Nhf4 29.b4 g6
30.Kf1 f6 31.a4 Kf7 32.axb5 axb5  1/2-1/2

[Event "TCh-FRA w TOP 12 2013"]
[Site "Archamps FRA"]
[Date "2013.02.17"]
[Round "4.3"]
[White "Guichard,P"]
[Black "Maisuradze,N"]
[Result "1/2-1/2"]
[WhiteElo "2347"]
[BlackElo "2331"]

1.d4 d5 2.c4 e6 3.Nc3 Nf6 4.Nf3 Be7 5.Bf4 O-O 6.a3 a6 7.e3 Nbd7 8.Qc2 dxc4
9.Bxc4 b5 10.Ba2 Bb7 11.b4 Nb6 12.e4 a5 13.O-O axb4 14.axb4 Bxb4 15.Nxb5 Bxe4
16.Qe2 Bd6 17.Bg5 Bd5 18.Bxd5 Nbxd5 19.Ne5 h6 20.Bh4 Qb8 21.Rab1 c5 22.Bg3 cxd4
23.Nd7 Nxd7 24.Bxd6 Qb7 25.Bxf8 d3 26.Qxd3 Nf4 27.Qf3 Qxf3 28.gxf3 Kxf8 29.Rb3 Ra2
30.Nc3 Rc2 31.Ne4 f5 32.Ng3 Nh3+ 33.Kg2 Nf4+ 34.Kh1 Nc5 35.Ra3 Ncd3 36.Rb1 Nxf2+
37.Kg1 N2d3 38.Ra7 Rg2+ 39.Kf1 Rf2+ 40.Kg1 Rg2+ 41.Kf1 Rf2+ 42.Kg1 Rb2 43.Rxb2 Nxb2
44.Kf2 Nbd3+ 45.Ke3 g5 46.Nh5 Nxh5 47.Kxd3 e5 48.Ra5 Nf4+ 49.Kc4 Ng6 50.Kd5 Kf7
51.Ra7+ Kf6 52.Ra6+ Kf7 53.Ra7+ Kf6 54.Ra6+ Kf7 55.h3 h5 56.Ra7+ Kf6 57.Ra6+ Kf7
58.Ra7+ Kf6 59.Ra6+  1/2-1/2

[Event "TCh-CZE Extraliga 2012-13"]
[Site "Czech Republic CZE"]
[Date "2013.02.17"]
[Round "6.8"]
[White "Talla,V"]
[Black "Haba,P"]
[Result "1/2-1/2"]
[WhiteElo "2387"]
[BlackElo "2463"]

1.c4 e6 2.Nf3 d5 3.d4 Nf6 4.Nc3 Be7 5.Bf4 O-O 6.e3 Nbd7 7.c5 c6 8.h3 b6 9.b4 a5
10.a3 Ba6 11.Bxa6 Rxa6 12.O-O Qa8 13.Rb1 Rc8 14.Qe2 Bd8 15.Rfc1 h6  1/2-1/2

[Event "Frau Bundesliga Div1 2012-13"]
[Site "Germany GER"]
[Date "2013.02.17"]
[Round "9.3"]
[White "Vovk,Ok"]
[Black "Klek,H"]
[Result "1/2-1/2"]
[WhiteElo "2136"]
[BlackElo "2244"]

1.d4 d5 2.c4 e6 3.Nc3 Be7 4.Nf3 Nf6 5.Bf4 O-O 6.e3 b6 7.Bd3 dxc4 8.Bxc4 Bb7
9.O-O a6 10.Qe2 b5 11.Bb3 Nbd7 12.Rfd1 Rc8 13.Rac1 c5 14.dxc5 Rxc5 15.Ne5 Qe8
16.Nxd7 Nxd7 17.e4 Nf6 18.f3 Qc8 19.Be3 Rc7 20.Qf2 Nd7 21.Ne2 Rd8 22.Rxc7  1/2-1/2

[Event "Vladimir Petrov Memorial"]
[Site "Jurmala LAT"]
[Date "2013.02.17"]
[Round "14.4"]
[White "Fier,A"]
[Black "Ehlvest,J"]
[Result "1/2-1/2"]
[WhiteElo "2577"]
[BlackElo "2613"]

1.d4 d5 2.c4 e6 3.Nf3 Nf6 4.Nc3 Be7 5.Bf4 O-O 6.e3 Nbd7 7.c5 Ne4 8.Nxe4 dxe4
9.Ne5 Nxe5 10.Bxe5 b6 11.Qc2 bxc5 12.Qxe4 Rb8 13.dxc5 Bxc5 14.Bc3 f5 15.Qc4 Qe7
16.Be2 Bb7 17.Rd1 Bd5 18.Qf4  1/2-1/2

[Event "TCh-HUN 2012-13"]
[Site "Nagykanizsa HUN"]
[Date "2013.02.17"]
[Round "7"]
[White "Kantor,G"]
[Black "Pergel,L"]
[Result "1-0"]
[WhiteElo "2310"]
[BlackElo "2252"]

1.d4 Nf6 2.c4 e6 3.Nf3 d5 4.Nc3 Be7 5.Bf4 O-O 6.e3 a6 7.c5 Nh5 8.Bd3 Nxf4
9.exf4 Nc6 10.a3 f5 11.O-O Bf6 12.Ne2 a5 13.Rb1 b6 14.b4 axb4 15.axb4 bxc5
16.dxc5 e5 17.Bb5 Na7 18.fxe5 Nxb5 19.exf6 Rxf6 20.Qd2 c6 21.Ned4 Na3 22.Ra1 Bd7
23.Qf4 Nc4 24.Rxa8 Qxa8 25.Qc7 Rf7 26.Ng5  1-0

[Event "ch-ROU 2013"]
[Site "Baile Olanesti ROU"]
[Date "2013.02.20"]
[Round "6.12"]
[White "Posedaru,B"]
[Black "Glodeanu,I"]
[Result "1-0"]
[WhiteElo "2328"]
[BlackElo "2180"]

1.d4 d5 2.c4 e6 3.Nc3 Be7 4.Nf3 Nf6 5.Bf4 O-O 6.e3 b6 7.cxd5 Nxd5 8.Nxd5 Qxd5
9.Bd3 Ba6 10.Bxc7 Bxd3 11.Qxd3 Nc6 12.a3 Rac8 13.Bg3 e5 14.Bxe5 Nxe5 15.Nxe5 Qxg2
16.Ke2 Qh3 17.Rac1 Bf6 18.Nf3 Rcd8 19.Rhg1 Rd7 20.Rc6 Kh8 21.Qe4 Qh5 22.Rxf6 Qb5+
23.Kd1 gxf6 24.Qf4  1-0

[Event "24th Metropolitan GM"]
[Site "Los Angeles USA"]
[Date "2013.02.20"]
[Round "1"]
[White "Molner,M"]
[Black "Bryant,J"]
[Result "1/2-1/2"]
[WhiteElo "2459"]
[BlackElo "2454"]

1.d4 Nf6 2.c4 e6 3.Nf3 d5 4.Nc3 Be7 5.Bf4 O-O 6.e3 c5 7.dxc5 Bxc5 8.Qc2 Nc6
9.a3 d4 10.O-O-O e5 11.Nxe5 Qe8 12.Na4 Nxe5 13.Nxc5 dxe3 14.Ne4 Nxe4 15.Qxe4 Ng4
16.Qxe8 Rxe8 17.Bxe3 Nxe3 18.fxe3 Bf5 19.Bd3 Be4 20.Rhg1 Rac8 21.Kd2 a5 22.a4 Bc6
23.b3 h5 24.h4 g6 25.Rde1 Re5 26.g3  1/2-1/2

[Event "33rd TCh-IND 2013"]
[Site "Hyderabad IND"]
[Date "2013.02.21"]
[Round "2.2"]
[White "Swapnil,SD"]
[Black "Aravindh,Chithambaram VR."]
[Result "1/2-1/2"]
[WhiteElo "2487"]
[BlackElo "2331"]

1.d4 Nf6 2.c4 e6 3.Nf3 d5 4.Nc3 Be7 5.Bf4 O-O 6.e3 Nbd7 7.Be2 dxc4 8.O-O c5
9.dxc5 Nxc5 10.Bxc4 Qxd1 11.Rfxd1 Bd7 12.Ne5 Rfd8 13.Nxd7 Rxd7 14.Bb5 Rxd1+
15.Rxd1 Nh5 16.Bd6 Bxd6 17.Rxd6 Nf6 18.b4 Nce4 19.Nxe4 Nxe4 20.Rd7 Rb8 21.a3 Nf6
22.Rc7 Nd5 23.Rc2 Nb6 24.Rc7 Nd5 25.Rc2 Nb6 26.Rc7  1/2-1/2

[Event "Reykjavik Open 2013"]
[Site "Reykjavik ISL"]
[Date "2013.02.24"]
[Round "7.63"]
[White "Jonsson,Ol"]
[Black "Marentini,M"]
[Result "0-1"]
[WhiteElo "1870"]
[BlackElo "2069"]

1.d4 Nf6 2.Nf3 e6 3.c4 d5 4.Nc3 Be7 5.Bf4 O-O 6.e3 c5 7.dxc5 Qa5 8.Qc2 Nc6
9.a3 Bxc5 10.O-O-O dxc4 11.Bxc4 Be7 12.Kb1 a6 13.g4 b5 14.Bd3 b4 15.g5 bxc3
16.gxf6 Bxf6 17.Bxh7+ Kh8 18.Bd6 Rd8 19.h4 Ra7 20.Ng5 Rb7 21.b4 Qxa3 22.Bg8 g6
23.Nxf7+ Rxf7 24.Bxf7 Rxd6 25.Qa2 c2+  0-1

[Event "Bundesliga 2012-13"]
[Site "Trier GER"]
[Date "2013.02.24"]
[Round "10"]
[White "Cyborowski,L"]
[Black "Rustemov,A"]
[Result "1-0"]
[WhiteElo "2530"]
[BlackElo "2544"]

1.Nf3 d5 2.d4 Nf6 3.c4 e6 4.Nc3 Be7 5.Bf4 O-O 6.e3 Nbd7 7.a3 c5 8.cxd5 Nxd5
9.Nxd5 exd5 10.dxc5 Nxc5 11.Be5 Bf6 12.Bxf6 Qxf6 13.Qd4 Qd6 14.Rd1 Rd8 15.b4 Ne6
16.Qb2 a5 17.Bd3 axb4 18.axb4 Ra4 19.Rb1 d4 20.Bxh7+ Kxh7 21.Qc2+ d3 22.Qxa4 b5
23.Qd1 Bb7 24.O-O d2 25.Qe2 Bxf3 26.Qxf3 Qd3 27.Qxf7 Rd6 28.Qh5+ Kg8 29.Ra1 Qc4
30.Rfd1 Nc7 31.Qc5 Rd5 32.Qe7 Qc2 33.h3 Kh7 34.Kh2 Rh5 35.f3 Kh6 36.Qe4 Qc3
37.Qd4 Qc6 38.Rxd2 Nd5 39.e4 Nf4 40.Qd6+  1-0

[Event "Reykjavik Open 2013"]
[Site "Reykjavik ISL"]
[Date "2013.02.25"]
[Round "8.38"]
[White "Kislik,E"]
[Black "Bergthorsson,J"]
[Result "1/2-1/2"]
[WhiteElo "2359"]
[BlackElo "2125"]

1.d4 d5 2.c4 e6 3.Nc3 Nf6 4.Nf3 Be7 5.Bf4 O-O 6.Rc1 c6 7.e3 Nbd7 8.h3 Re8
9.Bd3 dxc4 10.Bxc4 b5 11.Bd3 Bb7 12.O-O Rc8 13.Ne4 Nxe4 14.Bxe4 Nf6 15.Nd2 Qb6
16.Bg5 Nxe4 17.Nxe4 f6 18.Bh4 c5 19.dxc5 Bxc5 20.Nxf6+ gxf6 21.Bxf6 Kf7 22.Be5 Rg8
23.Qh5+ Kf8 24.g3 Rg6 25.Rfd1 Qc6 26.Kf1 Kg8 27.Bd4 Rf8 28.Qxc5 Qg2+ 29.Ke2 Rxf2+
30.Kd3 Be4+ 31.Kc3 Rc2+ 32.Rxc2 Qxc2+ 33.Kb4 Qa4+ 34.Kc3 Qc2+ 35.Kb4  1/2-1/2

[Event "33rd TCh-IND 2013"]
[Site "Hyderabad IND"]
[Date "2013.02.26"]
[Round "9.1"]
[White "Sethuraman,S"]
[Black "Shetty,R"]
[Result "1-0"]
[WhiteElo "2538"]
[BlackElo "2245"]

1.d4 Nf6 2.c4 e6 3.Nc3 d5 4.Nf3 Be7 5.Bf4 O-O 6.e3 c6 7.h3 Nbd7 8.a3 b6 9.cxd5 exd5
10.Bd3 Bb7 11.Qc2 a6 12.Rd1 c5 13.Ne5 c4 14.Be2 b5 15.Bf3 Nb6 16.O-O Bd6
17.Bg5 Be7 18.Rfe1 Rc8 19.Qf5 Ne4 20.Bxe7 Qxe7 21.Nxd5 Bxd5 22.Bxe4 Bxe4
23.Qxe4 f6 24.Qh4 Na4 25.Rd2 g5 26.Qh6 fxe5 27.Qxa6 Qd7 28.Qh6 Qd8 29.Qe6+ Rf7
30.Qxe5 c3 31.bxc3 Nxc3 32.d5 Qf6 33.Qxf6 Rxf6 34.e4 Rd6 35.Rd3 Rc5 36.Ree3 Nxe4
37.Rxe4 Rdxd5 38.Re8+ Kf7 39.Rde3 h5 40.R8e7+ Kf6 41.R7e6+ Kf7 42.g3 Rf5
43.Re7+ Kg6 44.Rb7 Rce5 45.g4  1-0

[Event "Reykjavik Open 2013"]
[Site "Reykjavik ISL"]
[Date "2013.02.26"]
[Round "9.26"]
[White "Thorfinnsson,Bj"]
[Black "Gretarsson,Hj"]
[Result "0-1"]
[WhiteElo "2386"]
[BlackElo "2509"]

1.d4 d5 2.c4 e6 3.Nc3 Be7 4.Nf3 Nf6 5.Bf4 O-O 6.e3 Nbd7 7.cxd5 Nxd5 8.Bg3 c5
9.a3 Nxc3 10.bxc3 Qa5 11.Qd2 b6 12.Bd3 Bb7 13.e4 Rad8 14.Bc7 Rc8 15.Bf4 Rfd8
16.O-O cxd4 17.cxd4 Qxd2 18.Bxd2 Nc5 19.dxc5 Rxd3 20.cxb6 axb6 21.Be3 Bxe4
22.Rfc1 Ra8 23.Bxb6 Bf6 24.Ra2 Bd5 25.Rac2 h6 26.Bc5 Bxf3 27.gxf3 Bg5 28.Ra1 Rc8
29.Rb1 Rd5 30.Rb5 Be7  0-1

[Event "2nd Adriatico Open A"]
[Site "Montesilvano ITA"]
[Date "2013.03.02"]
[Round "3.11"]
[White "Lantini,M"]
[Black "Capuano,Fr"]
[Result "1/2-1/2"]
[WhiteElo "2128"]
[BlackElo "1923"]

1.d4 d5 2.c4 e6 3.Nf3 Nf6 4.Nc3 Be7 5.Bf4 O-O 6.e3 c5 7.dxc5 Bxc5 8.Qc2 Nc6
9.Rd1 Qa5 10.Nd2 Bb4 11.Be2 d4 12.Nb3 Bxc3+ 13.bxc3 Qxc3+ 14.Qxc3 dxc3 15.Rc1 e5
16.Bg3 Ne4 17.Bh4 f6 18.f3 Nd6 19.Rxc3 Be6 20.O-O Rfd8 21.g4 g5 22.Bg3 Rac8
23.Rb1 Ne7 24.Rbc1 b6 25.Be1 Nb7 26.R3c2 Kf7 27.Bb4 a5 28.Ba3 a4 29.Nd2 Nc5
30.Bxc5 bxc5 31.Ne4 h6 32.Nc3 Bd7 33.Nd5 Rb8 34.Rd2 Nc6 35.Rcd1 Be6 36.Bd3 Nb4
37.Be4 Nxd5 38.cxd5 Bd7 39.Rc1 Rdc8 40.Rdc2 Rb5 41.Bd3 Rb4 42.Rxc5 Rxc5 43.Rxc5 Rb2
44.Rc7 Ke8 45.Rc2 Rb1+ 46.Kf2 Rh1 47.Kg2 Re1 48.Kf2 Rh1 49.Bf1 Rxh2+ 50.Bg2 h5
51.Kg3 Rh4 52.Bh3 e4 53.fxe4 hxg4 54.Bg2 Ke7 55.Rb2 Rh8 56.Bf1 Rc8 57.Kf2  1/2-1/2

[Event "FIDE Women's World Teams"]
[Site "Astana KAZ"]
[Date "2013.03.03"]
[Round "1.1"]
[White "Nakhbayeva,G"]
[Black "Zatonskih,A"]
[Result "1/2-1/2"]
[WhiteElo "2344"]
[BlackElo "2474"]

1.d4 d5 2.c4 e6 3.Nc3 Be7 4.Nf3 Nf6 5.Bf4 O-O 6.e3 b6 7.cxd5 Nxd5 8.Nxd5 Qxd5
9.a3 c5 10.dxc5 Qxc5 11.Rc1 Qa5+ 12.Qd2 Qxd2+ 13.Nxd2 Nd7 14.Bb5 e5 15.Bg3 f6
16.Ke2 Rd8 17.Rhd1 Nf8 18.f3 Bd7 19.Ba6 Bc8 20.Bb5 Bd7 21.Ba6 Bc8 22.Bb5  1/2-1/2

[Event "29th ChessOrg Open"]
[Site "Bad Woerishofen GER"]
[Date "2013.03.04"]
[Round "4.7"]
[White "Teske,H"]
[Black "Schatz,C"]
[Result "1-0"]
[WhiteElo "2513"]
[BlackElo "2195"]

1.d4 d5 2.c4 e6 3.Nf3 Nf6 4.Nc3 Be7 5.Bf4 O-O 6.e3 c5 7.dxc5 Qa5 8.a3 dxc4
9.Bxc4 Qxc5 10.Qe2 Nc6 11.O-O b6 12.Rac1 Qh5 13.Rfd1 Bb7 14.Ba6 Bxa6 15.Qxa6 e5
16.Bg3 Rac8 17.Nb5 Rfd8 18.Rxd8+ Rxd8 19.Nxa7 Nxa7 20.Qxa7 e4 21.Qxe7 Re8
22.Qb7 exf3 23.gxf3 Qf5 24.Kg2 g5 25.e4 Qg6 26.Rc8 g4 27.fxg4 Qxg4 28.Rxe8+ Nxe8
29.Qc6 Kf8 30.f3 Qg5 31.Qxb6 h5 32.Qd4 Kg8 33.Qd5 Qg7 34.Qe5 Nf6 35.h4 Kh7
36.Qg5 Qxg5 37.hxg5 Nd7 38.f4 Kg6 39.Bf2 f6 40.gxf6 Nxf6  1-0

[Event "TCh-FIN SM 2012-13"]
[Site "Helsinki FIN"]
[Date "2013.03.09"]
[Round "13.1"]
[White "Veingold,A"]
[Black "Solozhenkin,E"]
[Result "1/2-1/2"]
[WhiteElo "2470"]
[BlackElo "2475"]

1.d4 d5 2.Nf3 Nf6 3.c4 e6 4.Nc3 Be7 5.Bf4 O-O 6.e3 c5 7.cxd5 Nxd5 8.Nxd5 exd5
9.dxc5 Bxc5 10.a3 Nc6 11.Bd3 Bb6 12.O-O  1/2-1/2

[Event "TCh-NED Meesterklasse 2012-13"]
[Site "Netherland NED"]
[Date "2013.03.09"]
[Round "7.1"]
[White "Siebrecht,S"]
[Black "Dambacher,M"]
[Result "1/2-1/2"]
[WhiteElo "2482"]
[BlackElo "2480"]

1.d4 Nf6 2.c4 e6 3.Nc3 d5 4.Nf3 Be7 5.Bf4 O-O 6.e3 Nbd7 7.Qc2 dxc4 8.Bxc4 c5
9.O-O a6 10.dxc5 Bxc5 11.Bd3 b6 12.Rfd1 Bb7 13.Ne5 g6 14.Be4 Qc8 15.Nxd7 Nxd7
16.Bh6 Re8 17.Bxb7 Qxb7 18.Ne4 Be7 19.Qc3 f6 20.Qc4 Nc5 21.Nxc5 Bxc5 22.b4 Bf8
23.Bxf8 b5 24.Qc3 Rxf8 25.Rd6 Qe7 26.Rad1 Rfd8 27.Qc6 Rxd6 28.Rxd6 Ra7 29.Rxe6 Qxb4
30.g3 Qb1+ 31.Kg2 Qxa2 32.Rxf6 Rf7 33.e4 Rxf6 34.Qxf6 Qc4 35.f3 b4 36.Qd8+ Kf7
37.Qd7+ Kf8 38.Qd8+ Kf7 39.Qd7+ Kf6 40.Qd6+ Kf7  1/2-1/2

[Event "UTD Turner GM Invitational 2013"]
[Site "Richardson USA"]
[Date "2013.03.10"]
[Round "4"]
[White "Arvind,C"]
[Black "Guadalupe,F"]
[Result "1-0"]
[WhiteElo "2279"]
[BlackElo "2214"]

1.d4 d5 2.c4 e6 3.Nf3 Nf6 4.Nc3 Be7 5.Bf4 O-O 6.e3 b6 7.Rc1 Bb7 8.cxd5 exd5
9.Be2 c5 10.dxc5 bxc5 11.O-O Nbd7 12.Ne5 Nxe5 13.Bxe5 Nd7 14.Bg3 Nb6 15.Bf3 Qd7
16.Qb3 Rfd8 17.Rfd1 Bc6 18.h3 Qb7 19.Be5 c4 20.Qc2 Nd7 21.Bd4 Nc5 22.Bxc5 Bxc5
23.Ne2 Qa6 24.b3 Ba3 25.Rb1 Rac8 26.Nd4 Ba8 27.b4 c3 28.Bg4 Rc7 29.Rb3 Rb8
30.Rdb1 Qa4 31.Rxc3 Qxc2 32.Rxc2 Rc4 33.b5 a6 34.Rb3 Bc5 35.bxa6 Rd8 36.Be2 Rxc2
37.Nxc2 Kf8 38.Nd4 Ke7 39.Rb5 Ba7 40.a4 g6 41.Rb1 Kd7 42.Rc1 Rb8 43.Bb5+ Kd6
44.Kf1 Bc5 45.Ke2 f5 46.g3 Rf8 47.Rxc5  1-0

[Event "UTD Turner GM Invitational 2013"]
[Site "Richardson USA"]
[Date "2013.03.10"]
[Round "4"]
[White "Chirila,I"]
[Black "Chiang,S"]
[Result "1-0"]
[WhiteElo "2518"]
[BlackElo "2030"]

1.d4 Nf6 2.c4 e6 3.Nf3 d5 4.Nc3 Be7 5.Bf4 O-O 6.e3 b6 7.Be2 Bb7 8.O-O c5
9.dxc5 bxc5 10.Qc2 Nbd7 11.Rfd1 Qb6 12.Rac1 Rac8 13.Ne5 Rfd8 14.Bf3 Nf8 15.b3 a5
16.Qb2 Ne4 17.Na4 Qa7 18.cxd5 exd5 19.Bxe4 dxe4 20.Nc4 Ne6 21.Bd6 Bf6 22.Be5 Bxe5
23.Qxe5 Rd3 24.Nab2 Rdd8 25.Qc3 Bd5 26.Nxa5 Ra8 27.Nbc4 Bxc4 28.Rxd8+ Nxd8
29.Nxc4 Qxa2 30.Nb6 Rb8 31.Qe5 Nc6 32.Qxc5 Na7 33.Nc8 Nb5 34.Ne7+  1-0

[Event "ch-CRO w 2013"]
[Site "Rijeka CRO"]
[Date "2013.03.10"]
[Round "3"]
[White "Medic,Mir"]
[Black "Vujnovic,P"]
[Result "1/2-1/2"]
[WhiteElo "2184"]
[BlackElo "2030"]

1.d4 Nf6 2.c4 e6 3.Nc3 d5 4.Nf3 Be7 5.Bf4 O-O 6.e3 c6 7.h3 Nbd7 8.Qc2 b6
9.cxd5 exd5 10.Bd3 Bb7 11.O-O Re8 12.Rac1 Nf8 13.Ne5 N6d7 14.Nf3 Nf6 15.Rfd1 Ng6
16.Bh2 Bd6 17.Bxd6 Qxd6 18.e4 dxe4 19.Nxe4 Nxe4 20.Bxe4 Rac8 21.Re1 Re7 22.Bxg6 hxg6
23.Rxe7 Qxe7 24.Re1 Qd7 25.Qa4 a5 26.Re3 Re8 27.Rxe8+ Qxe8 28.Qb3 c5 29.Qxb6 Bxf3
30.gxf3 cxd4 31.Qxd4 Qb5 32.b3 Qf5 33.Kg2 Qg5+ 34.Kh2 Qf5 35.Qe4 Qc5 36.Qe3 Qa3
37.Qd2 f6 38.Kg2 Kh7 39.Kf1 Kg8 40.Ke2 Kh7 41.Kd3 Qc5 42.Ke2 Qe5+ 43.Kf1 Qf5
44.Kg2 Qc5 45.Qb2 Qg5+ 46.Kf1 Qf5 47.Kg2  1/2-1/2

[Event "UTD Turner GM Invitational 2013"]
[Site "Richardson USA"]
[Date "2013.03.11"]
[Round "6"]
[White "Chirila,I"]
[Black "Moradiabadi,E"]
[Result "1/2-1/2"]
[WhiteElo "2518"]
[BlackElo "2565"]

1.d4 Nf6 2.c4 e6 3.Nf3 d5 4.Nc3 Be7 5.Bf4 O-O 6.e3 Nbd7 7.c5 Nh5 8.Be2 Nxf4
9.exf4 c6 10.O-O Qc7 11.Qd2 b6 12.b4 a5 13.a3 Ba6 14.g3 Bf6 15.Ne5 Bxe2 16.Nxe2 Bxe5
17.fxe5 Ra7 18.Qc3 Rfa8 19.Rfb1 b5 20.Nc1 f6 21.f4 fxe5 22.fxe5 Qd8 23.Nb3 axb4
24.axb4 Rxa1 25.Rxa1 Rxa1+ 26.Qxa1 Qe8 27.Na5 Nb8 28.Nb7 Qg6 29.Qa8  1/2-1/2

[Event "FIDE Women's World Teams"]
[Site "Astana KAZ"]
[Date "2013.03.12"]
[Round "9.2"]
[White "Ozturk,Ku"]
[Black "Maisuradze,N"]
[Result "1/2-1/2"]
[WhiteElo "2252"]
[BlackElo "2330"]

1.d4 d5 2.c4 e6 3.Nf3 Nf6 4.Nc3 Be7 5.Bf4 O-O 6.e3 b6 7.Qc2 Ba6 8.b3 dxc4
9.Bxc4 Bxc4 10.bxc4 c5 11.O-O cxd4 12.exd4 Qc8 13.Qe2 Na6 14.a3 Re8 15.Nb5 Qb7
16.Rfe1 Rad8 17.h3 Bf8 18.Rab1 Nb8 19.Be5 a6 20.Nc3 Bxa3 21.c5 b5 22.Qa2 b4
23.Qxa3 Qxf3 24.Qxb4 Qa8 25.Bxf6 gxf6 26.Ne4 Nd7 27.Qb7 f5 28.Nd6 Qxb7 29.Nxb7 Ra8
30.c6 Nf6 31.Nd6 Rf8 32.Re3 f4 33.Reb3 Nd5 34.Rb7 Rad8 35.Ne4 Rc8 36.Rc1 f5
37.Nd6 Rc7 38.Rc5 Rd8 39.Rxd5 Rxc6 40.Rc5 Rdxd6 41.Kf1 Rxc5 42.dxc5 Rc6 43.Rb6 Rxc5
44.Rxe6 a5 45.Ke2 Kf7 46.Ra6 Rc2+ 47.Kf3 Ra2 48.Kxf4 Rxf2+ 49.Ke5 Rxg2 50.Kxf5 Rf2+
51.Kg5 Rg2+ 52.Kf5 Rf2+ 53.Kg5 Rg2+ 54.Kf5  1/2-1/2

[Event "13th European Seniors"]
[Site "Plovdiv BUL"]
[Date "2013.03.12"]
[Round "2"]
[White "Cernea,R"]
[Black "Raondi,Y"]
[Result "1-0"]
[WhiteElo "2001"]
[BlackElo "1705"]

1.d4 d5 2.c4 e6 3.Nf3 Nf6 4.Nc3 Be7 5.Bf4 c5 6.dxc5 Bxc5 7.e3 O-O 8.Qc2 Qe7
9.a3 a6 10.Bg5 Rd8 11.Be2 h6 12.Bh4 dxc4 13.Bxc4 b5 14.Ba2 Bb7 15.Rc1 Nbd7
16.Bb1 Rac8 17.O-O Nf8 18.Qe2 Bb6 19.e4 g5 20.Bg3 Nh5 21.e5 Nxg3 22.hxg3 Rc7
23.Nh2 Rcd7 24.Qh5 Rd2 25.Ng4  1-0

[Event "UTD Turner GM Invitational 2013"]
[Site "Richardson USA"]
[Date "2013.03.12"]
[Round "8"]
[White "Chirila,I"]
[Black "Cornejo,M"]
[Result "1-0"]
[WhiteElo "2518"]
[BlackElo "2370"]

1.d4 Nf6 2.c4 e6 3.Nf3 d5 4.Nc3 Be7 5.Bf4 O-O 6.e3 c5 7.dxc5 Bxc5 8.Qc2 Qa5
9.a3 Bb4 10.Rc1 Bxc3+ 11.Qxc3 Qxc3+ 12.Rxc3 Nc6 13.Be2 Re8 14.Rc1 e5 15.Bg5 dxc4
16.Bxc4 Be6 17.Bxf6 gxf6 18.Nd2 f5 19.Ke2 Rac8 20.Bxe6 Rxe6 21.Rhd1 Kf8 22.b4 Ne7
23.Nb3 Rxc1 24.Rxc1 Rc6 25.Rc5 b6 26.Rxc6 Nxc6 27.Kd3 b5 28.f4 exf4 29.exf4 Ke7
30.Nd2 Ke6 31.Nf3 h6 32.g3 a6 33.Nh4 a5 34.bxa5 Nxa5 35.Kd4 Nb7 36.Ng2 Kd6
37.Ne3 Ke6 38.Kc3 Nd6 39.Kb4 h5 40.Kc5 Kd7 41.Nd5 Ke6 42.Nc7+ Kd7 43.Nxb5 Ne4+
44.Kd5 Nf6+ 45.Ke5 Ng4+ 46.Kxf5 Nxh2 47.Nd4 Nf1 48.Ne2 Kc6 49.Kf6 Kd5 50.Kxf7 Ke4
51.Kg6 Nxg3 52.Nxg3+ Kxf4  1-0

[Event "Karpos Open 2013"]
[Site "Skopje MKD"]
[Date "2013.03.12"]
[Round "5.6"]
[White "Golod,V"]
[Black "Salgado Lopez,I"]
[Result "1/2-1/2"]
[WhiteElo "2564"]
[BlackElo "2619"]

1.d4 d5 2.c4 e6 3.Nf3 Nf6 4.Nc3 Be7 5.Bf4 O-O 6.e3 Nbd7 7.a3 c5 8.cxd5 Nxd5
9.Nxd5 exd5 10.dxc5 Nxc5 11.Be2 Bf5 12.Be5 a5 13.O-O a4 14.Rc1 Be4 15.Nd2 Nd3
16.Bxd3 Bxd3 17.Re1 Qd7 18.Rc3 Bg6 19.Rc7 Qe6 20.Nf3 b6 21.Bg3 Bc5 22.Nd4 Qf6
23.Rc6 Qe7 24.Rc7 Qf6 25.Rc6 Qe7 26.Rc7 Qf6  1/2-1/2